Personnages jouables de Final Fantasy - Statistiques

Statistiques générales
  • Ce quiz a été pris 722 fois
  • Le résultat moyen est 48 sur 113
Statistiques - réponses
Jeu Personnage % Correct
FF VII Cloud
95%
FF VII Tifa
92%
FF VII Aerith
85%
FF VII Barret
85%
FF X Tidus
85%
FF IV | FF VII Cid
80%
FF X Yuna
79%
FF VIII Squall
75%
FF IX Djidane
73%
FF I Mage Rouge
72%
FF X Lulu
71%
FF XII Vaan
70%
FF VII Vincent
70%
FF VII Yuffie
69%
FF IX Bibi
68%
FF X Wakka
68%
FF X Auron
67%
FF VII Rouge XIII
66%
FF VII Sephiroth
66%
FF XIII Lightning
65%
FF XV Noctis
64%
FF X Rikku
64%
FF VIII Linoa
62%
FF VI Terra
61%
FF IX Grenat
58%
FF VIII Zell
57%
FF VII Cait Sith
56%
FF VIII Selphie
56%
FF IX Steiner
56%
FF I Mage Blanc
55%
FF VIII Quistis
55%
FF I Mage Noir
54%
FF IV Cecil
53%
FF XII Fran
53%
FF VIII Seifer
52%
FF X Kimahri
51%
FF XII Balthier
50%
FF XIII Vanille
50%
FF I Guerrier
49%
FF XII Penelo
49%
FF IX Kweena
48%
FF XIII Snow
47%
FF IX Eiko
46%
FF XII Ashe
45%
FF IX Freya
45%
FF VIII Irvine
45%
FF I Voleur
45%
FF XII Basch
44%
FF XIII Hope
44%
FF VIII Edea
43%
FF IV Kaïn
43%
FF VIII Laguna
43%
FF X Seymour
43%
FF VI Locke
42%
FF IX Tarask
42%
FF V Bartz
41%
FF VI Mog
41%
FF XV Prompto
40%
FF XIII Fang
38%
FF XV Ignis
38%
FF VI Celes
37%
FF VI Edgar
37%
FF II Firion
37%
FF XV Gladiolus
37%
FF IX Beate
35%
FF VI Shadow
35%
FF XIII Sazh
34%
FF I Moine
33%
FF VI Sabin
33%
FF VI Leo
32%
FF IV Rydia
32%
FF III Arc
31%
FF III Luneth
31%
FF IV Palom
31%
FF VI Setzer
31%
FF VI Cyan
30%
FF IV Rosa
30%
FF VIII Kiros
28%
FF IX Franck
27%
FF VI Gau
27%
FF II Maria
27%
FF IV Porom
27%
FF VIII Ward
27%
FF IV Edge
25%
FF V Faris
25%
FF II Leon
25%
FF IV Edward
24%
FF II Guy
24%
FF V Lenna
24%
FF IV Yang
24%
FF IX Cinna
22%
FF IX Markus
22%
FF V Galuf
21%
FF VI Gogo
21%
FF VI Relm
21%
FF IV Tellah
20%
FF VI Strago
19%
FF VI Umaro
19%
FF V Krile
18%
FF IV Fusoya
17%
FF III Refia
17%
FF III Ingus
16%
FF II Minnwu
16%
FF II Joseph
15%
FF XII Larsa
15%
FF II Leila
15%
FF II Gordon
9%
FF VI Banon
8%
FF XII Vosler
8%
FF XII Reddas
7%
FF II Scott
7%
FF II Ricaro
6%
Aucun quiz correspondant
Distribution des résultats
% des personnes avec chaque résultat
Percentile par nombre de réponses
Votre historique - résultats
Vous n’avez pas pris ce quiz